| 000 | 00502nam a22001817a 4500 | ||
|---|---|---|---|
| 005 | 20251128114719.0 | ||
| 008 | 251125b |||||||| |||| 00| 0 eng d | ||
| 020 | _a978-93-91208-82-0 | ||
| 041 | _aeng | ||
| 082 | _a615.8 VIG-T | ||
| 100 |
_aVIGHNESHWARAN, DR. L.V. _98819 |
||
| 245 | _aTEXTBOOK OF COSMETIC SCIENCE : B PHARMACY[ 8TH ED,] | ||
| 250 | _a1ST ED, 2023 | ||
| 260 |
_aNEW DELHI _bINNOVATIVE PUBLICATION PVT,LTD _c2024 |
||
| 300 | _a237;P | ||
| 650 |
_aPHARMACY _xB.PHARMA |
||
| 942 | _cBK | ||
| 999 |
_c9001 _d8999 |
||